000 00418nam a22001697a 4500
003 OSt
008 250110b |||||||| |||| 00| 0 eng d
041 _aeng
082 _a624.1517 KAN/SU
100 _aKanetkar, TP
_96856
245 _aSurveving and Levelling
250 _a22nd Reprint
260 _aPune:
_bPune Vidyarthi Griha Prakashan,
_c1944.
300 _a640p.
700 _aKulkarni, SV
_96916
942 _cBK
999 _c19006
_d19006